Normal view
MARC view
Entry Corporate Name
001 - CONTROL NUMBER
- control field: 832575
003 - CONTROL NUMBER IDENTIFIER
- control field:
005 - DATE AND TIME OF LATEST TRANSACTION
- control field: 20210627080734.0
008 - FIXED-LENGTH DATA ELEMENTS
- fixed length control field: 210627|| aca||aabn | a|a d
040 ## - CATALOGING SOURCE
- Original cataloging agency:
- Transcribing agency:
110 ## - HEADING--CORPORATE NAME
- Corporate name or jurisdiction name as entry element: Maharashtra.
- Subordinate unit: Legislative Assembly.
- Subordinate unit: Estimates Committee
- Number of part/section/meeting: 3rd Assembly
670 ## - SOURCE DATA FOUND
- Source citation: Work cat.: ()714442: Maharashtra. Legislative Assembly. Estimates Committee 3rd Assembly, Estimates committee report :, 1927-
